W którym klubie grał ten piłkarz - Statystyki

Ogólne statystyki
  • Ten quiz został rozwiązany 80 razy
  • Średni wynik to 9 z 12
Statystyki odpowiedzi
Zagadnienie Odpowiedź % Poprawnych
Luis Suarez Ajax
100%
Bernardo Silva AS Monaco
100%
Jakub Błaszczykowski Fiorentina
100%
Lautaro Martinez Inter
100%
Kamil Grosicki Jagiellonia
100%
Robert Lewandowski Legia Warszawa
100%
Federico Valverde Penarol
100%
Kamil Glik Torino
100%
Gelson Martins Atletico Madrid
50%
Gerson AS Roma
0%
Ronaldo (brazylijski napastnik) Cruzeiro
0%
Yacine Brahimi PSG
0%
Nie znaleziono quizów pasujących do podanych kryteriów
Rozkład punktacji
Procent ludzi z każdym wynikiem
Percentyl według liczby udzielonych odpowiedzi
Twoja historia wyników
Nie rozwiązałeś tego quizu